Horas de Paz. Instrucciones doctrinales y conferencias religiosas, dadas a los caballeros de Toledo (Record no. 808117)

000 -CABECERA
Campo de control de longitud fija 00534nam a2200169 4500
001 - NÚMERO DE CONTROL
Campo de control VA38033
003 - IDENTIFICADOR DEL NÚMERO DE CONTROL
Campo de control ES-SlBCS
005 - FECHA Y HORA DE LA ÚLTIMA TRANSACCIÓN
Campo de control 20210601154701.0
008 - CÓDIGOS DE INFORMACIÓN DE LONGITUD FIJA
Campo de control de longitud fija 140520s1930 xxu||||| |||| 00| 0 spa d
041 ## - CÓDIGO DE LENGUA
Código de lengua del texto/banda sonora o título independiente spa
100 1# - PUNTO DE ACCESO PRINCIPAL-NOMBRE DE PERSONA
Nombre de persona Segura y Saenz, Pedro
9 (RLIN) 91369
245 10 - MENCIÓN DE TÍTULO
Título Horas de Paz. Instrucciones doctrinales y conferencias religiosas, dadas a los caballeros de Toledo
Mención de responsabilidad, etc. Pedro Segura Y Saenz
260 ## - PUBLICACIÓN, DISTRIBUCIÓN, ETC... (PIE DE IMPRENTA)
Lugar de publicación, distribución, etc. Toledo :
Nombre del editor, distribuidor, etc. Católica Toledana
Fecha de publicación, distribución, etc. , 1930
300 ## - DESCRIPCIÓN FÍSICA
Extensión 138 p.;
Dimensiones 17 cm
650 ## - PUNTO DE ACCESO ADICIONAL DE MATERIA-TÉRMINO DE MATERIA
Término de materia o nombre geográfico como elemento inicial Conferencias Religiosas
9 (RLIN) 232056
942 ## - ENTRADA DE ELEMENTOS AGREGADOS (KOHA)
Koha [por defecto] tipo de item Libros
Holdings
Suprimido Perdido Estropeado No para préstamo Localización permanente Localización actual Localización en estantería Fecha adquisición Préstamos totales Signatura completa Número de Registro / Código de Barras Fecha última consulta Fecha del precio de reemplazo Tipo de item de Koha
        San Esteban San Esteban Valladolid 11/07/2014   55/A1 VA38033 11/07/2014 11/07/2014 Libros

Bibliotecas Dominicos Provincia Hispania, 2016

Con tecnología Koha